LEADER 02147nam1-2200469---450- 001 990001109750203316 005 20030311113341.0 035 $a000110975 035 $aUSA01000110975 035 $a(ALEPH)000110975USA01 035 $a000110975 100 $a20021202d1901----km-y0enga50------ba 101 0 $aita 102 $aIT 105 $aaf||z|||001yy 200 1 $aStoria dell'arte italiana$fAdolfo Venturi 210 $aMilano$cU. Hoepli$d1901- 215 $a11 v. in 25$d25 cm 463 \1$1001990001087130203316$12001 $a<<11. :>> Architettura del Cinquecento$econ 876 incisioni in fototipografia 463 \1$1001990001098670203316$12001 $a<<9. :>> <> pittura del Cinquecento 463 \1$1001990001100490203316$12001 $a<<8.:>> <>architettura del Quattrocento 463 \1$1001990001108730203316$12001 $a<<10. :La>> scultura del Cinquecento 463 \1$1001990001109590203316$12001 $a<<3.:>> <>arte romanica$econ 900 incisioni in fototipografia 463 \1$1001990001110120203316$12001 $a<<7. :>> <> pittura del Quattrocento 463 \1$1001990001110530203316$12001 $a<<5. :>> <> pittura del Trecento e le sue origini$econ 818 incisioni in fototipografia 463 \1$1001990001111850203316$12001 $a<<1. :>> Dai primordi dell'arte cristiana al tempo di Giustiniano$econ 462 incisioni in fototipografia 463 \1$1001990001112360203316$12001 $a<<2. :>> Dall'arte barbarica alla romanica$econ 506 incisioni in fototipografia 463 \1$1001990001112960203316$12001 $a<<6. :>> <> scultura del Quattrocento 463 \1$1001990001134060203316$12001 $a<<4. :>> <> scultura del Trecento e le sue origini$econ 803 incisioni in fototipografia 606 0 $aArte italiana$xStoria 676 $a709.45 700 1$aVENTURI,$bAdolfo$0307104 801 0$aIT$bsalbc$gISBD 912 $a990001109750203316 951 $aVII A 177/$bL.M.$cVII A 959 $aBK 969 $aUMA 979 $aMARIA$b10$c20021202$lUSA01$h0959 979 $aPAOLA$b90$c20030311$lUSA01$h1133 979 $aPATRY$b90$c20040406$lUSA01$h1717 996 $aStoria dell'arte italiana$9115047 997 $aUNISA LEADER 01134nam0-2200373---450- 001 990008649040403321 005 20151014115504.0 010 $a978-0-8218-4210-2 035 $a000864904 035 $aFED01000864904 035 $a(Aleph)000864904FED01 035 $a000864904 100 $a20080418d2008----km-y0itay50------ba 101 0 $aeng 102 $aUS 105 $aa-------001yy 200 1 $aNoncommutative geometry, quantum fields and motives$fA. Connes, M. Marcolli 210 $aIndia$cAmerican Mathematical Society$dc2008 215 $axxii, 785 p.$d24 cm 225 1 $aAmerican mathematical society colloquium publications$v55 610 0 $aGeometria differenziale non commutativa 676 $a512.55$v21$zita 700 1$aConnes,$bAlain$045062 701 1$aMarcolli,$bMatilde$066096 801 0$aIT$bUNINA$gRICA$2UNIMARC 901 $aBK 912 $a990008649040403321 952 $aC-36-(55$b23118$fMA1 952 $a125-D 19$bingr. 177 /2015$fMA1 959 $aMA1 962 $a58B34 962 $a11G35 996 $aNoncommutative geometry, quantum fields and motives$9716296 997 $aUNINA LEADER 01222nam0-2200397---450- 001 990002174010203316 005 20090820130535.0 035 $a000217401 035 $aUSA01000217401 035 $a(ALEPH)000217401USA01 035 $a000217401 100 $a20041115h19791980km-y0itay0103----ba 101 $aita 102 $aIT 105 $a||||||||001yy 200 1 $aDiritto del lavoro$fEdoardo Ghera$elezioni sul rapporto individuale di lavoro raccolte e rielaborate in collaborazione con Roberta Bortone e Umberto Carabelli 210 $aBari$cCacucci$d1979$hstampa 1980 215 $a335 p.$d25 cm 410 0$12001 454 1$12001 461 1$1001-------$12001 700 1$aGHERA,$bEdoardo$0147482 702 1$aBORTONE,$bRoberta 702 1$aCARABELLI,$bUmberto 801 0$aIT$bsalbc$gISBD 912 $a990002174010203316 951 $aXXV.2.B 223a (IG III 459)$b61873 G.$cXXV.2.B 223a (IG III)$d00242305 951 $aVI 47$bDIRCE 959 $aBK 969 $aGIU 969 $aDIRCE 979 $aSIAV2$b10$c20041115$lUSA01$h1630 979 $aDIRCE$b90$c20051206$lUSA01$h1024 979 $aRSIAV3$b90$c20090820$lUSA01$h1305 996 $aDiritto del lavoro$964603 997 $aUNISA